El Gobierno informa (Record no. 72618)

MARC details
000 -LEADER
campo de control de longitud fija 00480nam a2200133 i 4500
001 - NÚMERO DE CONTROL
campo de control 72618
003 - IDENTIFICADOR DE NÚMERO DE CONTROL
campo de control ES-MaACL
007 - CAMPO FIJO DE DESCRIPCIÓN FÍSICA--INFORMACIÓN GENERAL
campo de control de longitud fija t|
008 - DATOS DE LONGITUD FIJA--INFORMACIÓN GENERAL
campo de control de longitud fija 040902s1983 sp ||||1| spa d
245 03 - MENCIÓN DEL TÍTULO
Título El Gobierno informa
Resto del título : sesiones informativas de las Comisiones del Congreso de los Diputados del 3 al 25 de febrero de 1983.
260 ## - PUBLICACIÓN, DISTRIBUCIÓN, ETC.
Lugar de publicación, distribución, etc. [Madrid] :
Nombre del editor, distribuidor, etc. Presidencia del Gobierno, Servicio Central de Publicaciones,
Fecha de publicación, distribución, etc. [1983]
300 ## - DESCRIPCIÓN FÍSICA
Extensión 733 p. ;
Dimensiones 24 cm.
852 ## - LOCALIZACIÓN
Ubicación ES-MaACL
Número de control de estantería L-5572
Sublocalización o colección R.106067
Holdings
Estatus retirado Estado de pérdida Estado de daño No para préstamo Biblioteca de origen Biblioteca actual Ubicación en estantería Fecha de adquisición Fuente de adquisición Total de préstamos Signatura topográfica completa Código de barras Visto por última vez Precio de reemplazo Tipo de ítem Koha
        Biblioteca del Ateneo de Madrid Biblioteca del Ateneo de Madrid Depósito 2 17/01/2008     L-5572 1076020 23/02/2023 23/02/2023 Libro impreso